प्रलेखीय ग्रन्थ वर्णना: प्रलेख एंव भौतिक ग्रन्थ विज्ञान (Record no. 117563)

MARC details
000 -LEADER
fixed length control field 01025nam a2200253Ia 4500
003 - CONTROL NUMBER IDENTIFIER
control field OSt
005 - DATE AND TIME OF LATEST TRANSACTION
control field 20220918111948.0
008 - FIXED-LENGTH DATA ELEMENTS--GENERAL INFORMATION
fixed length control field 220915b |||||||| |||| 00| 0 hin d
037 ## - SOURCE OF ACQUISITION
Terms of availability Textbook
040 ## - CATALOGING SOURCE
Language of cataloging hin
Original cataloging agency ARTS
Transcribing agency ARTS
041 ## - LANGUAGE CODE
Language code of text/sound track or separate title hin
100 ## - MAIN ENTRY--PERSONAL NAME
Personal name तेजोमूर्ति, ए.
9 (RLIN) 11541
245 #0 - TITLE STATEMENT
Title प्रलेखीय ग्रन्थ वर्णना: प्रलेख एंव भौतिक ग्रन्थ विज्ञान
246 ## - VARYING FORM OF TITLE
Title proper/short title Ādhunik granthālaya: vyavasthā eanva sanchālan ke mūl tatva
260 ## - PUBLICATION, DISTRIBUTION, ETC.
Place of publication, distribution, etc. भोपाल
Name of publisher, distributor, etc. मध्य प्रदेश हिंदी ग्रन्थ अकादमी भारत
Date of publication, distribution, etc. 1981
300 ## - PHYSICAL DESCRIPTION
Extent 210पृ0
Dimensions cm.
650 ## - SUBJECT ADDED ENTRY--TOPICAL TERM
Topical term or geographic name entry element पुस्तकालय-सूचना प्रौद्योगिकी
942 ## - ADDED ENTRY ELEMENTS (KOHA)
Classification part 2:97, 152M1
Koha item type Textbook
Source of classification or shelving scheme Colon Classification (CC)

No items available.

Copyright @ Delhi University Library System